| 000 | 01730nam0a2200385 4500 | ||
|---|---|---|---|
| 001 | RU\NLR\bibl\252110 | ||
| 005 | 20250620123159.0 | ||
| 010 |
_a5-7107-4823-4 _920000 |
||
| 021 |
_aRU _b2001-46330 _92221 |
||
| 035 | _a(NLR Aleph) 000247908 | ||
| 090 |
_a1446011 _c1446011 |
||
| 100 | _a20020320d2001 |||y0rusy50 ca | ||
| 101 | 0 | _arus | |
| 102 | _aRU | ||
| 105 | _aa ||||||||| | ||
| 200 | 1 |
_aГраждановедение _eРабочая тетр. к учеб. Я. В. Соколова, А. С. Прутченкова "Граждановедение" _e8 кл. _fА. Б. Драхлер |
|
| 205 | _a3-е изд., стер. | ||
| 210 |
_aМ. _cДрофа _d2001 |
||
| 215 |
_a79,[1] с. _cил. _d22 |
||
| 604 |
_1700#1$aСоколова$bЯ. В.$4070 _1701#1$aПрутченкова$bА. С.$4070 _150010$aГраждановедение$2psbo _aСоколова, Я. В. _tГраждановедение |
||
| 606 | 0 |
_aОбществоведение _jРуководства, пособия и т.п. для средней школы _91764031 _3RU\NLR\auth\66791493 |
|
| 606 | 0 |
_aОбществоведение _jУчебные издания для средней школы _91764031 _3RU\NLR\auth\66791493 |
|
| 610 | 0 | _aГраждановедение - Самостоятельная работа учащихся | |
| 675 |
_a373.167.1:3 _v3 _zrus |
||
| 675 |
_a3(075.3) _v3 _zrus |
||
| 686 |
_a14.25 _2rugasnti |
||
| 686 |
_a60я721 _2rubbk |
||
| 686 | _aС.я72 | ||
| 700 | 1 |
_aДрахлер _bА. Б. _gАлександр Борисович _4070 |
|
| 801 | 0 |
_aRU _bRKP _c20020320 _gPSBO |
|
| 801 | 1 |
_aRU _bRKP _c20020320 |
|
| 801 | 2 |
_aRU _bNLR _c20020724 _grcr |
|
| 942 | _cBOOK | ||
| 980 | _aNB | ||